| Tag |
First Indicator |
Second Indicator |
Subfields |
| LEADER |
00000cam a2200000 a 4500 |
| 001 |
in00001992821 |
| 005 |
20211202202519.0 |
| 008 |
040902s2004 dcu f000 0 eng c |
| 020 |
|
|
|a 0160733839
|
| 035 |
|
|
|a (OCoLC)ocm56202359
|
| 037 |
|
|
|a 552-070-31651-5
|
| 040 |
|
|
|a SEN
|c SEN
|d GPO
|d MvI
|d UtOrBLW
|
| 042 |
|
|
|a pcc
|
| 043 |
|
|
|a n-us---
|a n-us-id
|
| 049 |
|
|
|a UDOC
|
| 049 |
|
|
|a WWW
|
| 074 |
|
|
|a 1032-C
|
| 074 |
|
|
|a 1032-C (online)
|
| 074 |
|
|
|a 1032-D (MF)
|
| 074 |
|
|
|a 1032-D (online)
|
| 086 |
0 |
|
|a Y 4.AG 8/3:S.HRG.108-510
|
| 110 |
1 |
|
|a United States.
|b Congress.
|b Senate.
|b Committee on Agriculture, Nutrition, and Forestry.
|b Subcommittee on Forestry, Conservation, and Rural Revitalization.
|
| 245 |
1 |
0 |
|a Examine the rural development programs of the United States Department of Agriculture :
|b hearing before the Subcommittee on Forestry, Conservation and Rural Revitalization of the Committee on Agriculture, Nutrition, and Forestry, United States Senate, One Hundred Eighth Congress, second session, March 16, 2004.
|
| 264 |
|
1 |
|a Washington :
|b U.S. G.P.O. :
|c 2004.
|
| 264 |
|
2 |
|a Washington :
|b For sale by the Supt. of Docs., U.S. G.P.O.,
|
| 300 |
|
|
|a iv, 155 pages ;
|c 24 cm.
|
| 336 |
|
|
|a text
|b txt
|2 rdacontent
|
| 337 |
|
|
|a unmediated
|b n
|2 rdamedia
|
| 338 |
|
|
|a volume
|b nc
|2 rdacarrier
|
| 490 |
1 |
|
|a S. hrg. ;
|v 108-510
|
| 500 |
|
|
|a "Printed for the use of the Committee on Agriculture, Nutrition, and Forestry."
|
| 500 |
|
|
|a Shipping list number: 2004-0259-P.
|
| 500 |
|
|
|a Distributed to some depository libraries in microfiche.
|
| 500 |
|
|
|a Shipping List Date: 08/31/2004
|
| 530 |
|
|
|a Also available via Internet from the GPO Access web site. Address as of 9/2/04: http://frwebgate.access.gpo.gov/cgi-bin/getdoc.cgi?dbname=108%5Fsenate%5Fhearings&docid=f:92571.pdf; current access is available via PURL.
|
| 610 |
1 |
0 |
|a United States.
|b Department of Agriculture.
|
| 650 |
|
0 |
|a Agriculture and state
|z United States.
|
| 650 |
|
0 |
|a Rural development
|z Idaho.
|
| 650 |
|
0 |
|a Rural development
|z United States.
|
| 810 |
1 |
|
|a United States.
|b Congress.
|b Senate.
|t S. hrg. ;
|v 108-510.
|
| 856 |
4 |
1 |
|u https://purl.fdlp.gov/GPO/LPS53515
|t 0
|
| 999 |
|
|
|a MARS
|
| 999 |
f |
f |
|s 6690e6b0-73e3-30fa-a860-8880bee39387
|i dee4e1cc-dda0-34c7-8549-0d1975f1c311
|t 0
|
| 952 |
f |
f |
|a Texas A&M University
|b College Station
|c Electronic Resources
|d Available Online
|t 0
|e Y 4.AG 8/3:S.HRG.108-510
|h Superintendent of Documents classification
|
| 998 |
f |
f |
|a Y 4.AG 8/3:S.HRG.108-510
|t 0
|l Available Online
|